000 00779ngm a2200181 i 4500
001 C2-0343720
003 PPAK
005 20180727222759.0
008 171119s2009 cau|||| ||||| | vleng d
040 _aPPAK
_beng
_cPPAK
_erda
245 1 0 _aFast & furious
264 1 _aCalifornia ; Ampang Selangor :
_bUniversal Pictures; HVN Entertainment Sdn. Bhd. (Malaysia Distributor) ,
_c2009
500 _aSummary : Heading back to the streets where it all began, Vin Diesel and Paul Walker rejoin Michelle Rodriguez and Jordana Brewster to blast muscle, tuner and exotic cars across Los Angeles and through the Mexican desert in this new high-oc
700 _eauthor
700 1 _aLin, Justin,
_ecompile
700 1 _aWagner, Christian ; Raskin, Fred,
_eeditor
942 _2ddc
_cDVD
999 _c168054
_d168054